My Little Pony Megaquiz - Statistics

General Stats
  • This quiz has been taken 204 times
  • The average score is 51 of 107
Answer Stats
Hint Answer % Correct
Where Princess Celestia sends Twilight Sparkle in order to make more friends Ponyville
98%
Twilight's adopted brother dragon, hatched during a test to enter the Princess's school of magic Spike
94%
After using the elements on Nightmare Moon, she is revealed to be which long forgotten ruler of equestria? | mergeup66 Princess Luna
86%
The two friends of Twilight that get stuck at chez-soi, and endure a night of her carefully itinerated slumber party. | Who holds Twilight's hand on a cliff, gaining her trust? Applejack
85%
Who returns during #2, threatening eternal darkness? Nightmare Moon
85%
The younger sister of Apple Jack Apple Bloom
78%
Applejack suffers from workaholic syndrome, preventing her from meeting up with this friend of hers. | merge up13 Rarity
78%
Zebra who lives on the outskirts of Ponyville; Victim of racism and fear for years until common sense kicks in Zecora
78%
The items that Twilight and her newly formed friends find in The Castle of the Two Sisters The Elements of Harmony
76%
The showoff who performs in Ponyville, trying her best to upstage everyone who challenges her through puffery and gloating (The Great and Powerful) Trixie
76%
Apple Bloom discovers these two fellow "blank-flanks" at the previous's Cuteceañera Scootaloo
75%
The forest in which she lives, which is notoriously dangerous and wild Everfree Forest
74%
merge up22 Sweetie Belle
73%
In order to instill communism across her village of hundreds, this tyrant steals what body part of the ponies in which she encounters, using her magic? Cutie Marks
71%
The three form this "club" which they are destined to find their Cutie Marks™ The Cutie Mark Crusaders
71%
Tormenters and bullies at her school who pester and ridicule her constantly Diamond Tiara
70%
This character, voiced by John DeLancie, and inspired by his portrayal of Q on Star Trek, wreaks havoc upon Equestria after being released from his stone imprisonment. Discord
69%
As shown in later episodes, what issue does she suffer from with her voice? Speaking Loudly
69%
At the show she takes them to, Rainbow Dash performs what legendary and mythical stunt? | Starlight Glimmer, travelling back to flight school, attempts to prevent this achievement of Rainbow Dash's, accidentally destroying all of Equestria in the process. Sonic Rainboom
68%
Season that is manually ended by ponies, and is done through nothing but physical work by the ponies in Ponyville Winter
68%
This grandmother of Applejack is one of the Matriarchs of the Apple family, and the mother of Applejack's late father. Granny Smith
67%
merge up21 Silver Spoon
67%
Twilight frets over who to give a ticket to for what annual event? The Grand Galloping Gala
65%
After snooping into other people's business, Pinkie discovers the pregnancy of which pony, in which she must keep her secret hidden until she arrived later on? | Twilight's old foalsitter who became a Princess after shenanigans with the Crystal Heart and Princess Amore Cadence
64%
During a hospital visit, Rainbow Dash becomes infatuated with what series of adventure book? Daring Do
64%
During Hearts and Hooves day, The CMC attempt to bring what couple together? Big MacIntosh
63%
Fluttershy panics when Princess Celestia's pet starts shedding under her watch. What mythological creature and capital city namesake is her pet? Phoenix
62%
These two swindling brothers attempt to uproot Applejack's family farm using capitalism. Flim and Flam
61%
This villain is of what species which is notorious for their ability to change appearance? Changelings
59%
After giving birth to the demon child, Flurry Heart, this significant defense item of the Crystal Empire is shattered during newborn shenanigans. Crystal Heart
59%
The former is set to be betrothed by Twilight's older brother. Shining Armor
59%
This former King of the Crystal Empire who enslaved his citizens for centuries is brought back after the Crystal Empire reappeared after its centuries-long disappearance. King Sombra
58%
Cadence, before she can get married, is thrown into a cave and locked and left to die by which villain? Queen Chrysalis
58%
Rainbow Dash's flight school friend who treats Pinkie badly, and thinks that earth ponies are lame. Gilda
57%
Twilight Sparkle tries to destroy Pinkie Pie using facts and logic™ to disprove her extra-sensory perception and future prediction skills referred to as what? Pinkie Sense
57%
The wizard of the above was the tutor of which two sisters before his disappearance? Princess Celestia
57%
The first installment of the Equestria Girls movie sends Twilight to the human dimension after which former pupil of Celestia's steals her crown? Sunset Shimmer
57%
Apple Bloom, after discovering which cousin, attempts to injure her in a float parade after she destroys their float and bullies them endlessly? Babs Seed
56%
Pinkie Pie experiences the depths of jealousy and depression when which party pony comes and steals the spotlight the day before Rainbow Dash's birthday? Cheese Sandwich
56%
During a gem mining excursion, Rarity is captured by what gang of canines named after a David Bowie album? Diamond Dogs
54%
After an identity crisis of being a blank flank, Apple Bloom develops this psychosomatic disease after attempting to get a cutie mark by mixing Zecora's herbs and plants together into a brew. Cutie Pox
53%
Fluttershy succumbs to peer pressure when what photographer forces her into the limelight? Photo Finish
53%
During her second trip to the human world, Twilight encounters which Greek mythological creatures of song? Sirens
53%
During the Apple Family reunion, Applejack accidentally destroys what building after her release of the rainbow fruit bats during a wagon ride? Barn
52%
In the human dimension, Twilight attends what school? Canterlot High
52%
What holiday is used as an excuse for sending her there? The Summer Sun Celebration
51%
During his brief reign of Equestria, Discord traps Twilight and her friends in what contraption, whilst taking away their elements in the process? Labyrinth
50%
Pinkie slowly descends into one of her manic breakdowns after being tasked with babysitting what two children of the Cakes? Pound Cake
50%
Zephyr Breeze, the brother of Shutterfly, ends up destroying what collection of their father's, whilst turning their collection garage into a yoga room? Cloud Collection
49%
Twilight Sparkle, during her recitation of whose spell, swaps the destiny of the bearers of the Elements of Harmony? Star Swirl the Bearded
49%
In an episode based off of Native Americans, which American mammal that roams the midwest? Buffalo
48%
Countess Coloratura, Applejack's filly friend from summer camp, is modelled after which American pop star? Lady Gaga
48%
What baked dessert does Rainbow Dash have a distaste for? Pie
48%
This red-headed creator of MLP:FIM, and wife of Craig McCracken, leaves the show after the 1st episode of season 2. Lauren Faust
46%
Pony who annually flies the birds back in the wrong direction for spring Derpy Hooves
45%
Equestria celebrates this winter holiday inspired by a yearly story told about the founding of their land. Hearth's Warming Eve
45%
mergeup41 Pumpkin Cake
45%
Pinkie travels to which country in order to make peace with another people? Yakyakistan
44%
The 100th episode of the show devotes it's time to a slice of life for Ponyville, showcasing the surrounding events of the wedding of which character that Pinkie had befriended? Cranky Doodle
43%
Parasitic fast-replicating pest which threatens the visit of the Princess to Ponyville Parasprites
43%
The previous disease is shown to only be cured by a plant which sprouts only when what is spoken? Truth
42%
The three tribes' leaders are frozen shut during a ice storm created by what magical creatures empowered by hate and anger? Windigos
42%
The Elements of Harmony are revealed to originate from what? Tree of Harmony
41%
Said series is written by what author, inspired by J.K. Rowling? A.K. Yearling
38%
Perhaps the most famous fanfiction of My Little Pony, regarding a industrial establishment in Cloudsdale The Rainbow Factory
38%
The founding of Equestria dates back to when the three tribes of ponies seek out new land following what two natural disasters? Blizzard
37%
What aquatic activity does Granny Smith participate in after a confidence booster from Flim and Flam's cure-all tonic? Swimming
36%
On a secret venture out to the Everfree Forest, Apple Bloom and her friends are confronted by what magical creature who can turn ponies to stone? Cockatrice
35%
Rainbow Dash is tricked into thinking she has brainwashed the entire town after she swaps the filling inside what dessert? Girl Scout Cookies
34%
Fluttershy, in an attempt to become more assertive, goes to which public motivational speaker? Iron Will
34%
During her tenure at the Wonderbolt Academy, which fellow cadet of Rainbiow Dash's nearly kills everyone with her reckless and defiant behavior? Lightning Dust
34%
Twilight and her friends attend the Grand Galloping Gala, but their expectations are crushed, when they find out it wasn't going to be the 4-letter phrase they had anticipated it to be. The Best Night Ever
33%
Twilight performs a spell on everyone except Rarity to give them what ability in order to visit Cloudsdale? Walking on Clouds
31%
What plant does Princess Luna line the halls of the palace at night in order to aid in the inhabitant's rest? Also the name of an Ashleigh Ball song. Lavender
30%
During a visit to the Castle of the Two Sisters, Twilight and her friends are transported into what comic of Spike's? Power Ponies
30%
During Twilight's fight with Tirek, this home of hers is destroyed in the process. Golden Oak Library
29%
During a visit to Cloudsdale, who does Scootaloo interview for her school project? Rainbow Dash's Parents
29%
mergeup50 Cherilee
28%
Twilight's friends redecorate her throne room in her castle using what sentimental object? Tree Roots
28%
Trixie, in her return, enslaves and entraps Ponyville's residents using which magical item found in a pawn shop? Alicorn Amulet
27%
Twilight and Starlight publish what book in hopes of helping friendship spread? Friendship Journal
27%
After a genealogical discovery, Pinkie Pie and the Apple family take a long road trip to whose house to find out if the Pie and Apple families are related? Goldie Delicious
27%
Pinkie Pie destroys many buildings after cloning herself with this hidden location told to her by her late grandmother. Mirror Pool
27%
Princess Luna, for her cruel acts as Nightmare Moon, punishes herself in torment every night with what creature of her creation? Tantabus
27%
This anonymous publication in Apple Bloom's school paper destroys reputations and privacy in Ponyville. Gabby Gums
23%
This King's reign has given what disorder to all of his newly-returned citizens? Post Traumatic Stress Disorder
22%
mergeup38 Famine
21%
The wife of Mr. Cake, former friend of Applejack's late mother (maiden name, please) Chiffon Swirl
20%
The Breezies are helped by the pegasi in order to guide them home with what substannce? Pollen
20%
During the episode, what area does Fluttershy travel to in order to take care of the toads? Froggy Bottom Bog
17%
During the storyboarding from the episode, the writers were told that Twilight couldn't be seen doing this to Tirek in the final episode? Punch him in the face
17%
Why would one want to refrain from eating the product of said establishment, cannonically? Spice Content
17%
After turning her friends into mindless drones, Starlight accidentally orders Pinkie Pie to bake how many cakes? All of them
15%
After the fallout of the effects of her 'redecorating' of Ponyville, Twilight reveals the magic Rarity used to be what? Dark Magic
14%
After discovering their long lost maternal grandfather, Applejack and her siblings find out that after a peak of a feud, the Pear family moved to what city? Las Pegasus
9%
This "MMMM" dessert is set to be transferred by train to a contest judged by Princess Celestia, under the watchful eye of Pinkie Pie. Marzipan Mascarpone Meringue Madness
9%
After winning runner-up in a Canterlot Rodeo, Applejack ends up in this town, in the South of Equestria. Dodge Junction
8%
Rarity is possesed by a magic book in her determination to create a puppet show stand for what event? Foal and Filly Fair
5%
Discord fakes an illness caused by which monster in order to have an excuse to annoy Twilight and Cadence during her visit to Ponyville? Tatzlwurm
5%
This word is used to describe the attitude of the Crystal Empire to Thorax. Racism
4%
What popular song was inspired by the episode, sung by PonyPhonic? Lullabye for a Princess
3%
The finale of the show ends with what 10 year book closing its cover? Journal of the Two Sisters
1%
No matching quizzes found
Score Distribution
Percent of People with Each Score
Percentile by Number Answered
Your Score History
You have not taken this quiz